UConn WBB 2025-26 Roster - Statistics

General Stats
  • This quiz has been taken 49 times
  • The average score is 11 of 15
Answer Stats
Answer % Correct
Azzi Fudd
100%
Sarah Strong
100%
KK Arnold
97%
Ashlynn Shade
84%
Ayanna Patterson
76%
Blanca Quiñonez
73%
Ice Brady
73%
Kelis Fisher
70%
Jana El Alfy
68%
Kayleigh Heckel
68%
Serah Williams
65%
Allie Ziebell
62%
Caroline Ducharme
62%
Morgan Cheli
57%
Gandy Malou-Mamel
43%
No matching quizzes found
Score Distribution
Percent of People with Each Score
Percentile by Number Answered
Your Score History
You have not taken this quiz